| 000 | 00837nam a2200217 i 4500 | ||
|---|---|---|---|
| 001 | 78781 | ||
| 003 | ES-MaACL | ||
| 005 | 20230906173819.0 | ||
| 007 | t| | ||
| 008 | 041018s1970 sp ||||1| spa d | ||
| 100 | 1 |
_aHay, Roy. _962181 |
|
| 245 | 1 | 0 |
_aDiccionario ilustrado en color de plantas de jardín con plantas de interior y de invernadero / _cRoy Hay y Patrick M. Synge ; con un prólogo de Aberconway ; [versión, Jaime Isern Arús, Pedro Cairó Arqué y Miguel Alcaraz Medrano]. |
| 260 |
_aBarcelona : _bGustavo Gili, _c[1970] |
||
| 300 |
_aXVII, 364 p., 127 lám. ; _c31 cm. |
||
| 700 | 1 |
_aSynge, Patrick M. _9108976 |
|
| 700 | 1 |
_aAberconway. _918092 |
|
| 700 | 1 |
_aIsern Arús, Jaime. _965557 |
|
| 700 | 1 |
_aCairó Arqué, Pedro. _933485 |
|
| 700 | 1 |
_aAlcaraz Medrano, Miguel. _919517 |
|
| 852 |
_aES-MaACL _jC-41699 _bR.75661 |
||
| 999 |
_c78781 _d78781 |
||